000 00801nam a2200229 a 4500
005 20191224041609.0
008 140303b2000 ck |||||rm||| 00| 0 spa d
040 _aCO-BoIAVH
_cCO-BoIAVH
041 _aspa
044 _ack
090 _aTE
_b0114
100 _aBanguerra Hinestroza, Eugenia
245 _aDiferenciación genética en poblaciones del género Inia (Blainville, 1817) y aportes a su taxonomía por medio del análisis de la región D-loop del ADN mitocondrial
260 _aSantiago de Cali
_bUniversidad del Valle. Departamento de Biología
_c2000
300 _a104 Paginas
650 1 4 _aEcología de poblaciones
650 1 4 _aInia
650 1 4 _aTaxonomía
650 1 4 _aBiología molecular
650 1 4 _aGenética
942 _cTESIS
_2z
999 _c1637
_d1637